000 00535nam a2200193Ia 4500
008 190412s9999 xx 000 0 und d
100 _aSriya Anbil
245 _aManaging stigma during a financial crisis /
245 _cSriya Anbil
260 _belsevier
260 _c2018
300 _apages 166-181, October 2018
440 _aJournal of Financial Economics
_v130 (1)
650 _aEx-post Bank Behavior
650 _aFINANCE
650 _aIdentification Strategy
650 _aTesting for Stigma
942 _2lcc
_cSE
999 _c361394
_d361394